000 00851nam a2200265Ia 4500
003 GCL
008 140319s9999 xx 000 0 ara d
040 _aGCL /
_cGCL
082 0 4 _a301.32
_bس ع
100 1 _aسيد محمد التونى
245 1 0 _aعن الاسكان والعمران ابحاث مختارة من الاعمال المنشورة /
_cسيد محمد التونى
700 1 _aنسمات عبد القادر
260 _a[S.N] :
_bالعربى للنشر والتوزيع ،
_c1993
300 _a210 ص
490 _a
650 0 4 _aالاسكان
650 0 4 _aالسكان
650 0 4 _aالمدن
650 0 4 _aتخطيط المدن
650 0 4 _aالمبانى العامة
650 0 4 _aالتمويل
650 0 4 _aالاحصائيات الحيوية
650 0 4 _aالاحصائيات
942 _2ddc
_cBK
999 _c30499
_d30499